El Derecho al desarrollo. Discurso del Presidente de la República Doctor Oscar Arias Sánchez
Guardat en:
| Autor principal: | |
|---|---|
| Autor corporatiu: | |
| Format: | Text |
| Publicat: |
San José:
Imprenta Nacional
|
| Etiquetes: |
Afegir etiqueta
Sense etiquetes, Sigues el primer a etiquetar aquest registre!
|
MARC
| LEADER | 00000 a a2200000 04500 | ||
|---|---|---|---|
| 001 | 25372 | ||
| 003 | |||
| 040 | |||
| 090 | |a 181500 | ||
| 100 | |a Arias Sánchez, Oscar | ||
| 110 | |a Costa Rica. Presidencia de la República | ||
| 245 | |a El Derecho al desarrollo. Discurso del Presidente de la República Doctor Oscar Arias Sánchez | ||
| 260 | |a San José: |b Imprenta Nacional | ||
| 300 | |a 12 p. | ||
| 999 | |c 10247 |d 10247 | ||
